书目信息 |
| 题名: |
菊芋的生物学和化学
|
|
| 作者: | 凯斯 , 诺丁汉 著 ;陈小兵 , 李莉莉 , 秦松 译 | |
| 分册: | ||
| 出版信息: | 北京 海洋出版社 2019.10 |
|
| 页数: | 10, 520页 | |
| 开本: | 26cm | |
| 丛书名: | 海洋生态科学与资源管理译丛 | |
| 单 册: | ||
| 中图分类: | Q949.783.5 | |
| 科图分类: | ||
| 主题词: | 菊芋--ju yu--研究 | |
| 电子资源: | ||
| ISBN: | 978-7-5210-0294-2 | |
| 000 | 01541nam 2200349 450 | |
| 001 | 0109110146 | |
| 005 | 20201109110337.0 | |
| 010 | @a978-7-5210-0294-2@dCNY230.00 | |
| 100 | @a20200713d2019 em y0chiy50 ea | |
| 101 | 1 | @achi@ceng |
| 102 | @aCN@b110000 | |
| 105 | @aab z 000yy | |
| 106 | @ar | |
| 200 | 1 | @a菊芋的生物学和化学@Aju yu de sheng wu xue he hua xue@dBiology and chemistry of jerusalem artichoke: helianthus tuberosus L.@f(美)Stanley J. Kays, (英)Stephen F. Nottingham著@g陈小兵, 李莉莉, 秦松等译@zeng |
| 210 | @a北京@c海洋出版社@d2019.10 | |
| 215 | @a10, 520页@c图,照片,地图@d26cm | |
| 225 | 2 | @a海洋生态科学与资源管理译丛@Ahai yang sheng tai ke xue yu zi yuan guan li yi cong |
| 300 | @a国家出版基金项目“十三五”国家重点出版物出版规划项目 | |
| 305 | @a由Taylor & Francis出版集团旗下,CRC出版公司授权出版 | |
| 306 | @a本书限中国大陆发行 | |
| 330 | @a本书共分14部分,介绍了菊芋的命名、起源和历史;分类、鉴别和分布;植物形态学和解剖学;化学成分和菊糖化学;菊芋在人类食品与动物饲料中的价值等。 | |
| 461 | 0 | @12001 @a海洋生态科学与资源管理译丛 |
| 510 | 1 | @aBiology and chemistry of jerusalem artichoke: helianthus tuberosus L.@zeng |
| 606 | 0 | @a菊芋@Aju yu@x研究 |
| 690 | @aQ949.783.5@v5 | |
| 701 | 1 | @c(美)@a凯斯@Akai si@c(Kays, Stanley J.)@4著 |
| 701 | 1 | @c(英)@a诺丁汉@Anuo ding han@c(Nottingham, Stephen F.)@4著 |
| 702 | 0 | @a陈小兵@Achen xiao bing@4译 |
| 702 | 0 | @a李莉莉@Ali li li@4译 |
| 702 | 0 | @a秦松@Aqin song@4译 |
| 801 | 0 | @aCN@bBJSZM@c20201103 |
| 905 | @b1213789-90@dQ949.783.5@e463@f2 | |
| 菊芋的生物学和化学=Biology and chemistry of jerusalem artichoke: helianthus tuberosus L./(美)Stanley J. Kays, (英)Stephen F. Nottingham著/陈小兵, 李莉莉, 秦松等译.-北京:海洋出版社,2019.10 |
| 10, 520页:图,照片,地图;26cm.-(海洋生态科学与资源管理译丛) |
| 国家出版基金项目“十三五”国家重点出版物出版规划项目 |
| ISBN 978-7-5210-0294-2:CNY230.00 |
| 本书共分14部分,介绍了菊芋的命名、起源和历史;分类、鉴别和分布;植物形态学和解剖学;化学成分和菊糖化学;菊芋在人类食品与动物饲料中的价值等。 |
| ● |
| 相关链接 |
|
|
|
|
正题名:菊芋的生物学和化学
索取号:Q949.783.5/463
 
预约/预借
| 序号 | 登录号 | 条形码 | 馆藏地/架位号 | 状态 | 备注 |
| 1 | 1213789 | 212137891 | 第二样本阅览室/ [索取号:Q949.783.5/463] | 在馆 | |
| 2 | 1213790 | 212137908 | 第三借阅区/ [索取号:Q949.783.5/463] | 在馆 |